Сухой трансформатор с литой изоляцией CTR; Научная инициатива иностранных студентов и аспирантов российских вузов; Т. 2

Chi tiết về thư mục
Parent link:Научная инициатива иностранных студентов и аспирантов российских вузов: сборник докладов VII Всероссийской научно-практической конференции, Томск, 23-25 апреля 2014 г./ Ассоциация иностранных студентов в России (АИС); Национальный исследовательский Томский политехнический университет (ТПУ), Институт международного образования и языковой коммуникации (ИМОЯК).— , 2014
Т. 2.— 2014.— [С. 124-127]
Tác giả chính: Хоанг Чонг Хый
Tác giả của công ty: Национальный исследовательский Томский политехнический университет (ТПУ)
Tác giả khác: Чьеу Дык Куан
Tóm tắt:Заглавие с титульного экрана
Ngôn ngữ:Tiếng Nga
Được phát hành: 2014
Những chủ đề:
Truy cập trực tuyến:http://www.lib.tpu.ru/fulltext/c/2014/C19/V2/023.pdf
Định dạng: Điện tử Chương của sách
KOHA link:https://koha.lib.tpu.ru/cgi-bin/koha/opac-detail.pl?biblionumber=611454

MARC

LEADER 00000naa2a2200000 4500
001 611454
005 20231101132646.0
035 |a (RuTPU)RU\TPU\conf\9249 
035 |a RU\TPU\conf\9240 
090 |a 611454 
100 |a 20150324d2014 k y0rusy50 ca 
101 0 |a rus 
102 |a RU 
105 |a y z 101zy 
135 |a drcn ---uucaa 
181 0 |a i  
182 0 |a b 
200 1 |a Сухой трансформатор с литой изоляцией CTR  |f Хоанг Чонг Хый, Чьеу Дык Куан 
203 |a Текст  |c электронный 
230 |a 1 компьютерный файл (pdf; 484 Кb) 
300 |a Заглавие с титульного экрана 
320 |a [Библиогр.: с. 127 (4 назв.)] 
337 |a Adobe Reader 
461 1 |0 (RuTPU)RU\TPU\conf\8104  |t Научная инициатива иностранных студентов и аспирантов российских вузов  |o сборник докладов VII Всероссийской научно-практической конференции, Томск, 23-25 апреля 2014 г.  |f Ассоциация иностранных студентов в России (АИС); Национальный исследовательский Томский политехнический университет (ТПУ), Институт международного образования и языковой коммуникации (ИМОЯК)  |o в 3 т.  |d 2014 
463 1 |0 (RuTPU)RU\TPU\conf\8106  |t Т. 2  |v [С. 124-127]  |d 2014 
610 1 |a труды учёных ТПУ 
610 1 |a электронный ресурс 
610 1 |a сухие трансформаторы 
610 1 |a трансформаторы 
610 1 |a изоляция 
610 1 |a литая изоляция 
700 0 |a Хоанг Чонг Хый 
701 0 |a Чьеу Дык Куан 
712 0 2 |a Национальный исследовательский Томский политехнический университет (ТПУ)  |c (2009- )  |2 stltpush  |3 (RuTPU)RU\TPU\col\15902 
801 2 |a RU  |b 63413507  |c 20150324  |g RCR 
856 4 |u http://www.lib.tpu.ru/fulltext/c/2014/C19/V2/023.pdf 
942 |c BK